国鉄の特急列車(1983年) - Statistics

General Stats
  • This quiz has been taken 181 times
  • The average score is 43 of 73
Answer Stats
Answer % Correct
とき
91%
はやぶさ
85%
雷鳥
85%
あずさ
83%
ひたち
83%
あさま
81%
つばさ
81%
かもめ
79%
さくら
79%
富士
79%
北斗
79%
しなの
78%
にちりん
78%
ひかり
77%
こだま
77%
くろしお
77%
出雲
76%
やまびこ
75%
南風
75%
おおぞら
74%
ひだ
74%
いなほ
72%
おき
71%
白鳥
71%
踊り子
69%
みずほ
69%
あけぼの
68%
しおかぜ
68%
瀬戸
68%
なは
68%
南紀
67%
あさかぜ
66%
さざなみ
66%
日本海
66%
しらさぎ
65%
みどり
65%
やくも
65%
あやめ
64%
わかしお
64%
はくつる
63%
しおさい
62%
あかつき
61%
ゆうづる
61%
あさひ
58%
まつかぜ
58%
有明
57%
オホーツク
57%
はつかり
56%
あかぎ
55%
つるぎ
55%
ライラック
54%
あおば
52%
彗星
52%
はまかぜ
51%
あいづ
50%
北越
47%
北陸
46%
白山
40%
明星
39%
加越
36%
すいごう
36%
あさしお
35%
おおとり
34%
紀伊
32%
鳥海
32%
たざわ
31%
出羽
29%
北海
29%
やまばと
22%
谷川
21%
北アルプス
12%
白根
11%
そよかぜ
10%
No matching quizzes found
Score Distribution
Percent of People with Each Score
Percentile by Number Answered
Your Score History
You have not taken this quiz